000 00437nam a22001817a 4500
999 _c11646
_d11646
003 OSt
008 230102b ||||| |||| 00| 0 eng d
020 _a9788120340985
082 _a174.4 MAV
100 _aMANNA,Samita
245 _aValues and Ethics in Business and Profession
250 _aEd
260 _aNew Delhi
_bPHI
_c2022
300 _a188
650 _aGeneral Book
700 _aCHAKRABORTI,Suparna
942 _2ddc
_cREF